| 000 | 01198naa a22003017a 4500 | ||
|---|---|---|---|
| 001 | BR8005831 | ||
| 003 | BR-BrBNA | ||
| 005 | 20240918174651.0 | ||
| 007 | ta | ||
| 008 | 230509b bl.||||| |||| 00| 0 por d | ||
| 040 |
_aBR-BrBNA _bpor _cBiblioteca Nacional de Agricultura |
||
| 041 | _a(Pt) | ||
| 072 |
_aE30; P12 _b/G514 |
||
| 090 | _aE30 BR8005831 | ||
| 100 | 1 | _aNovaes, F. de | |
| 111 | 1 |
_a1. Forum de Debates sobre o Papel da Irrigacao no Desenvolvimento do Nordeste _cRecife, PE (Brazil) _d12-13 Jun 1980 |
|
| 245 | 1 | _aO papel da pequena irrigacao no desenvolvimento do Nordeste [Brasil] | |
| 260 | 3 |
_aRecife, PE (Brasil): _c1980. |
|
| 500 | _aAnais do 1. Forum de debates sobre o papel da irrigacao no desenvolvimento do nordeste Recife, PE (Brasil): 1980. p. 19-56 (BR8005831-AM)E30 | ||
| 650 | _aIRRIGACAO | ||
| 650 | _aDESENVOLVIMENTO AGRICOLA | ||
| 650 | _aDESENVOLVIMENTO ECONOMICO | ||
| 650 | _aDESENVOLVIMENTO SOCIAL | ||
| 650 | _aREGIAO NORDESTE | ||
| 773 | 0 |
_tAnais do 1. Forum de debates sobre o papel da irrigacao no desenvolvimento do nordeste _wE30 BR8005831 _gRecife, PE (Brasil), 1980. p. 19-56 |
|
| 909 |
_a202404 _bLucia _c55 _dLucia Elande |
||
| 942 |
_cAM _2AGRIS |
||
| 999 |
_c312729 _d312729 |
||